[Event "Campionatul National Individual Masculi"]
[Site "Olanesti - Hotel Parang"]
[Date "2016.04.08"]
[Round "7.21"]
[White "Ciobanu, Viorel Adrian"]
[Black "Salcu, Laurentiu"]
[Result "1-0"]
[WhiteElo "2200"]
[BlackElo "2028"]
[PlyCount "49"]
[EventDate "2016.04.02"]
[EventRounds "9"]

1. e4 c5 2. Nf3 d6 3. d4 cxd4 4. Nxd4 Nf6 5. Nc3 a6 6. Be2 e6 7. O-O Nbd7 8. f4
Qc7 9. Bf3 Be7 10. Be3 Nb6 11. Kh1 Nc4 12. Bc1 Bd7 13. Nde2 Rc8 14. b3 Na5 15.
Bb2 b5 16. a3 Nc6 17. Qe1 O-O 18. Qg3 e5 19. Nd5 Qb8 20. Nxe7+ Nxe7 21. fxe5
dxe5 22. Bxe5 Qb6 23. Rad1 Rfd8 24. Rd6 Qc5 25. Bxf6 1-0

[Event "Campionatul National Individual Masculi"]
[Site "Olanesti - Hotel Parang"]
[Date "2016.04.07"]
[Round "6.18"]
[White "Lupu, Ovidiu-Jean"]
[Black "Ciobanu, Viorel Adrian"]
[Result "1-0"]
[WhiteElo "2145"]
[BlackElo "2200"]
[PlyCount "61"]
[EventDate "2016.04.02"]
[EventRounds "9"]

1. b3 e5 2. Bb2 d6 3. g3 Nf6 4. Bg2 Nbd7 5. e3 Be7 6. Ne2 O-O 7. O-O c6 8. d3
Qc7 9. Nd2 b6 10. h3 Bb7 11. g4 c5 12. e4 h6 13. Ng3 d5 14. Nf5 Rfe8 15. c4 d4
16. Nf3 Bf8 17. Bc1 Kh7 18. g5 hxg5 19. Nxg5+ Kg8 20. Kh1 g6 21. Ng3 Bd6 22.
Rg1 Nf8 23. Bf3 Ne6 24. Nh5 Nxh5 25. Bxh5 Nf4 26. Bxf4 exf4 27. Nxf7 Kxf7 28.
Rxg6 Re5 29. Qg4 Ke7 30. Rg7+ Kd8 31. Rg8+ 1-0

[Event "Campionatul National Individual Masculi"]
[Site "Olanesti - Hotel Parang"]
[Date "2016.04.06"]
[Round "5.12"]
[White "Ciobanu, Viorel Adrian"]
[Black "Ionescu, Mihai"]
[Result "0-1"]
[WhiteElo "2200"]
[BlackElo "2309"]
[PlyCount "82"]
[EventDate "2016.04.02"]
[EventRounds "9"]

1. e4 c5 2. Nf3 e6 3. d4 cxd4 4. Nxd4 Nc6 5. Nc3 Qc7 6. Be2 a6 7. O-O Nf6 8.
Kh1 Be7 9. f4 d6 10. Be3 O-O 11. a4 Re8 12. Bf3 Rb8 13. Qd2 Bd7 14. Qf2 Nxd4
15. Bxd4 e5 16. fxe5 dxe5 17. Qg3 Bc5 18. Bxc5 Qxc5 19. Be2 Re6 20. b4 Qxb4 21.
Rxf6 Rxf6 22. Nd5 Qd6 23. Nxf6+ Qxf6 24. Rf1 Qe7 25. Bc4 Rf8 26. a5 Bc6 27. h3
Bxe4 28. Re1 Bc6 29. Rxe5 Qf6 30. Kh2 g6 31. Bb3 Kg7 32. Re2 Kg8 33. Rf2 Qe7
34. Qf4 Kg7 35. Rd2 f6 36. Qf2 Rd8 37. Rxd8 Qxd8 38. Qf4 Qxa5 39. Qc4 Qe5+ 40.
Kg1 Qe1+ 41. Kh2 Qe4 0-1

[Event "Campionatul National Individual Masculi"]
[Site "Olanesti - Hotel Parang"]
[Date "2016.04.05"]
[Round "4.10"]
[White "Costachi, Mihnea"]
[Black "Ciobanu, Viorel Adrian"]
[Result "1-0"]
[WhiteElo "2399"]
[BlackElo "2200"]
[PlyCount "109"]
[EventDate "2016.04.02"]
[EventRounds "9"]

1. d4 Nf6 2. c4 g6 3. Nc3 Bg7 4. e4 d6 5. Nge2 O-O 6. Ng3 e5 7. d5 c6 8. Be2 a6
9. h4 cxd5 10. cxd5 b5 11. a3 Nbd7 12. Be3 Nb6 13. Rc1 Nc4 14. Bxc4 bxc4 15.
Na4 Rb8 16. Rxc4 Bd7 17. Rb4 Rxb4 18. axb4 Qb8 19. Qb3 Ng4 20. Nc3 Nxe3 21.
fxe3 Qb6 22. Kd2 Rb8 23. Ra1 Bh6 24. Nf1 Qd4+ 25. Kc2 Bxe3 26. Nxe3 Qxe3 27.
Qc4 Rc8 28. Qd3 Qb6 29. Rxa6 Qxb4 30. Ra7 Ba4+ 31. Kb1 Be8 32. h5 Qb6 33. Qa6
Qc5 34. hxg6 hxg6 35. Rb7 Kg7 36. g4 Qg1+ 37. Ka2 Qc5 38. g5 Rd8 39. Qf1 Kg8
40. Kb1 Rc8 41. Qa6 Qg1+ 42. Ka2 Qc5 43. Rb6 Rd8 44. Nb1 Kg7 45. Na3 Rd7 46.
Rc6 Qb4 47. Rc4 Qd2 48. Rc8 Qd4 49. Rxe8 Ra7 50. Qc8 Rxa3+ 51. Kxa3 Qa7+ 52.
Kb4 Qd4+ 53. Kb5 Qxb2+ 54. Kc6 Qc3+ 55. Kd7 1-0

[Event "Campionatul National Individual Masculi"]
[Site "Olanesti - Hotel Parang"]
[Date "2016.04.04"]
[Round "3.11"]
[White "Ciobanu, Viorel Adrian"]
[Black "Posedaru , Bogdan"]
[Result "1-0"]
[WhiteElo "2200"]
[BlackElo "2345"]
[PlyCount "157"]
[EventDate "2016.04.02"]
[EventRounds "9"]

1. e4 c5 2. Nf3 Nc6 3. d4 cxd4 4. Nxd4 g6 5. Nc3 Bg7 6. Nb3 Nf6 7. Be2 O-O 8.
O-O d6 9. Re1 Be6 10. Bg5 Rc8 11. Bf1 a5 12. a3 Nd7 13. Rb1 Nb6 14. Nd5 a4 15.
Nc1 Re8 16. Be3 Nd7 17. Nf4 Nf8 18. Nxe6 Nxe6 19. c3 Qa5 20. Nd3 Red8 21. Nb4
Nc5 22. f3 e6 23. Qe2 Qc7 24. Qf2 Ne5 25. Rbd1 Rf8 26. h3 f5 27. exf5 gxf5 28.
f4 Ne4 29. Qc2 Ng6 30. Qxa4 Bh6 31. Nd3 e5 32. Qb5 exf4 33. Qd5+ Qf7 34. Qxf7+
Kxf7 35. Bc1 Rg8 36. Kh2 Bg5 37. Be2 Bh4 38. Rf1 Ng3 39. Bf3 Nxf1+ 40. Rxf1
Bg3+ 41. Kg1 Ke6 42. Bd1 Kf6 43. Nxf4 Nxf4 44. Bxf4 Rc5 45. Bxg3 Rxg3 46. Bf3
Rg7 47. Rd1 Ke6 48. Kf2 Rgc7 49. Ke3 Rb5 50. Rd2 Ke5 51. Kd3 Ke6 52. Kc2 Re5
53. Rd4 d5 54. Rb4 Kd6 55. Kd2 Ke7 56. Rh4 Kf6 57. Rh6+ Kg5 58. Rd6 Rce7 59. a4
Kf4 60. a5 Re1 61. Rxd5 Ra1 62. Rb5 Rd7+ 63. Kc2 Ke3 64. Bxb7 f4 65. a6 Rd2+
66. Kb3 Kf2 67. Rb4 Kg3 68. Rb6 Rxg2 69. Bxg2 Kxg2 70. Rb4 f3 71. Ra4 Rxa4 72.
Kxa4 f2 73. a7 Kxh3 74. a8=Q f1=Q 75. Qc8+ Kh4 76. Qd8+ Kg4 77. Qg8+ Kf3 78.
Qf7+ Kg2 79. Qxf1+ 1-0

[Event "Campionatul National Individual Masculi"]
[Site "?"]
[Date "2016.04.03"]
[Round "?"]
[White "Miroi, Robert Andrei"]
[Black "Ciobanu, Viorel Adrian"]
[Result "0-1"]
[WhiteElo "1985"]
[BlackElo "2200"]
[PlyCount "110"]
[EventDate "2016.??.??"]

1. e4 e5 2. Nf3 Nc6 3. Nc3 g6 4. d4 exd4 5. Nxd4 Bg7 6. Be3 Nge7 7. Nxc6 Nxc6
8. Bc4 d6 9. Qd2 O-O 10. O-O-O Be6 11. Bxe6 fxe6 12. h4 Ne5 13. h5 Nc4 14. Qd3
Nxe3 15. Qxe3 Qf6 16. hxg6 hxg6 17. Rdf1 Qf4 18. Nd1 Bd4 19. Qxf4 Rxf4 20. c3
Bg7 21. f3 d5 22. Nf2 Rff8 23. Rd1 c6 24. Rhe1 Kf7 25. Ng4 Rfe8 26. Kc2 b5 27.
Rd2 a5 28. exd5 exd5 29. Rde2 Rxe2+ 30. Rxe2 Re8 31. Rxe8 Kxe8 32. Nf2 Be5 33.
Nd3 Bd6 34. Nc1 c5 35. Kd3 Kd7 36. b3 Be5 37. c4 Kc6 38. cxd5+ Kxd5 39. Ne2 b4
40. Ng1 c4+ 41. bxc4+ Kc5 42. Ne2 a4 43. f4 Bf6 44. g4 Bb2 45. Kc2 Bg7 46. f5
gxf5 47. gxf5 Kxc4 48. Nf4 Be5 49. Nh5 Kd5 50. f6 Ke6 51. Kb1 Kf7 52. Kc2 Kg6
53. Ng7 Kxf6 54. Ne8+ Ke7 55. a3 bxa3 0-1

[Event "Campionatul National Individual Masculi"]
[Site "Olanesti - Hotel Parang"]
[Date "2016.04.02"]
[Round "1.7"]
[White "Ciobanu, Viorel Adrian"]
[Black "Deac, Bogdan Daniel"]
[Result "0-1"]
[WhiteElo "2200"]
[BlackElo "2497"]
[PlyCount "82"]
[EventDate "2016.04.02"]
[EventRounds "9"]

1. e4 c5 2. Nf3 e6 3. d4 cxd4 4. Nxd4 a6 5. Nc3 Qc7 6. Bd3 Nf6 7. O-O d6 8. Be3
Nbd7 9. f4 b5 10. a3 Bb7 11. Qf3 Be7 12. Rae1 Nc5 13. Bf2 O-O 14. Qh3 g6 15.
Kh1 e5 16. fxe5 dxe5 17. Nf3 Rad8 18. Bg3 Nxd3 19. cxd3 Rxd3 20. Bxe5 Rxf3 21.
Bxc7 Rxh3 22. gxh3 Nxe4 23. Nxe4 f5 24. Bb6 Bxe4+ 25. Kg1 Rb8 26. Be3 b4 27. a4
Bf6 28. Rf2 Bh4 29. Rc1 Bxf2+ 30. Kxf2 Rd8 31. Kg3 Rd3 32. Kf4 g5+ 33. Kxg5
Rxe3 34. Kf6 h5 35. Rc8+ Kh7 36. Kg5 Rxh3 37. Rc7+ Kg8 38. Kf6 Rxh2 39. Rc8+
Kh7 40. Rc7+ Kh6 41. Re7 Rg2 0-1

[Event "Camp. rumeno 2015"]
[Site "Calimanesti ROM"]
[Date "2015.04.26"]
[Round "9"]
[White "Acsinte, Matei-Ionut"]
[Black "Ciobanu, Viorel Adrian"]
[Result "0-1"]
[WhiteElo "2118"]
[BlackElo "2204"]
[PlyCount "24"]
[EventDate "2015.04.18"]
[EventRounds "9"]

1. e4 e5 2. Nf3 Nc6 3. d4 exd4 4. Nxd4 Bc5 5. Be3 Qf6 6. c3 Nge7 7. Bc4 O-O 8.
O-O Ne5 9. Be2 Qg6 10. f4 Qxe4 11. Qd2 Nd5 12. Rf3 Nxf3+ 0-1

[Event "Camp. rumeno 2015"]
[Site "Calimanesti ROM"]
[Date "2015.04.25"]
[Round "8"]
[White "Ciobanu, Viorel Adrian"]
[Black "Martian, Dragos Daniel"]
[Result "0-1"]
[WhiteElo "2204"]
[BlackElo "2241"]
[PlyCount "92"]
[EventDate "2015.04.18"]
[EventRounds "9"]

1. e4 c5 2. Nf3 e6 3. d4 cxd4 4. Nxd4 a6 5. Nc3 Qc7 6. Be2 b5 7. O-O Bb7 8. a3
Nf6 9. Bd3 d6 10. Be3 Nbd7 11. f4 Be7 12. Qf3 Nc5 13. Rae1 O-O 14. Kh1 Rfe8 15.
Bg1 g6 16. Qg3 Bf8 17. e5 Nh5 18. Qg4 Nxd3 19. cxd3 Rad8 20. Ne4 Bxe4 21. dxe4
dxe5 22. Rc1 Qb7 23. fxe5 Rc8 24. Nf3 Bh6 25. Rce1 Rc2 26. Ng5 Rf8 27. b4 Qe7
28. h4 Bxg5 29. hxg5 Qc7 30. Bc5 Qxe5 31. Bxf8 Ng3+ 32. Kg1 Qd4+ 33. Kh2 Nxf1+
34. Rxf1 Qe5+ 35. Kh3 Kxf8 36. Qd1 Rc3+ 37. Rf3 Rxf3+ 38. gxf3 Qxg5 39. Qd6+
Kg7 40. Qxa6 h5 41. Qd6 e5 42. Qc5 h4 43. Qf2 Qf4 44. Qg2 g5 45. a4 bxa4 46. b5
a3 0-1

[Event "Camp. rumeno 2015"]
[Site "Calimanesti ROM"]
[Date "2015.04.24"]
[Round "7"]
[White "Stoleriu , George"]
[Black "Ciobanu, Viorel Adrian"]
[Result "0-1"]
[WhiteElo "2172"]
[BlackElo "2204"]
[PlyCount "80"]
[EventDate "2015.04.18"]
[EventRounds "9"]

1. e4 e5 2. Nf3 Nc6 3. Bb5 a6 4. Ba4 Nf6 5. d3 b5 6. Bb3 Be7 7. O-O d6 8. c3
O-O 9. Re1 Na5 10. Bc2 c5 11. Nbd2 Qc7 12. Nf1 Nc6 13. Ne3 Be6 14. d4 cxd4 15.
cxd4 Nxd4 16. Nxd4 exd4 17. Qxd4 Nd7 18. Nd5 Bxd5 19. exd5 Qxc2 20. Rxe7 Rae8
21. Rxe8 Rxe8 22. Be3 Nc5 23. Rd1 Na4 24. h3 Nxb2 25. Rc1 Qe2 26. Rc6 h6 27.
Rxd6 Nc4 28. Rxa6 Rxe3 29. fxe3 Nxe3 30. Ra8+ Kh7 31. Qe4+ f5 32. Qf3 Qe1+ 33.
Kh2 Nf1+ 34. Qxf1 Qxf1 35. Rd8 Qf4+ 36. g3 Qf2+ 37. Kh1 Qxg3 38. d6 Qf2 39. d7
Qd2 40. Kg1 Qg5+ 0-1

[Event "Camp. rumeno 2015"]
[Site "Calimanesti ROM"]
[Date "2015.04.23"]
[Round "6"]
[White "Ciobanu, Viorel Adrian"]
[Black "Secheres, Adrian Simion"]
[Result "1-0"]
[WhiteElo "2204"]
[BlackElo "2247"]
[PlyCount "83"]
[EventDate "2015.04.18"]
[EventRounds "9"]

1. e4 e6 2. d4 d5 3. Nc3 Nf6 4. e5 Nfd7 5. f4 c5 6. Nf3 Nc6 7. Be3 Be7 8. Qd2
a6 9. Be2 b5 10. a3 O-O 11. O-O Qc7 12. Kh1 cxd4 13. Nxd4 Nxd4 14. Bxd4 Bc5 15.
Rae1 Bb7 16. Bf3 Bxd4 17. Qxd4 Qc5 18. Qd3 Rfd8 19. f5 Qc4 20. fxe6 fxe6 21.
Qxc4 bxc4 22. Bg4 Nc5 23. Ne2 d4 24. Nf4 Bc8 25. Be2 d3 26. Rd1 Bb7 27. cxd3 g5
28. Nh5 cxd3 29. Bg4 Rd4 30. h3 a5 31. Kh2 Rad8 32. Rc1 Na6 33. Bxe6+ Kh8 34.
Rf7 Be4 35. Bf5 Bxf5 36. Rxf5 d2 37. Rd1 Nc5 38. Ng3 Na4 39. e6 Nxb2 40. e7 Kg7
41. exd8=Q Rxd8 42. Rff1 1-0

[Event "Camp. rumeno 2015"]
[Site "Calimanesti ROM"]
[Date "2015.04.21"]
[Round "4"]
[White "Ciobanu, Viorel Adrian"]
[Black "Chifor, Ovidiu-Emanuel"]
[Result "1/2-1/2"]
[WhiteElo "2204"]
[BlackElo "2261"]
[PlyCount "115"]
[EventDate "2015.04.18"]
[EventRounds "9"]

1. e4 e5 2. Nf3 Nc6 3. Bb5 a6 4. Ba4 Nf6 5. O-O Be7 6. Re1 b5 7. Bb3 O-O 8. h3
d6 9. c3 Na5 10. Bc2 c5 11. d4 Nd7 12. Nbd2 exd4 13. cxd4 Nc6 14. d5 Nce5 15.
Nxe5 Nxe5 16. f4 Ng6 17. Nf3 f5 18. a4 Rb8 19. axb5 axb5 20. e5 dxe5 21. fxe5
Bb7 22. d6 Bh4 23. Rf1 Bg3 24. Ng5 Nh4 25. Ra3 Bxe5 26. Qh5 h6 27. Qxh4 hxg5
28. Bxg5 Qxd6 29. Rd3 Qc6 30. Rd2 g6 31. Bf4 Bxf4 32. Qxf4 Rbd8 33. Rfd1 c4 34.
Qg3 Rxd2 35. Rxd2 Rf6 36. Bd1 f4 37. Qg5 Kg7 38. Qe5 Kh6 39. Kh2 Qb6 40. Qe8 f3
41. Qh8+ Kg5 42. h4+ Kf4 43. Qh6+ Ke5 44. Bxf3 Bxf3 45. gxf3 Qc7 46. Qe3+ Kf5+
47. Kh3 Qe5 48. Qa7 Kf4 49. Kg2 Rd6 50. Qf7+ Ke3 51. Rxd6 Qxd6 52. Qe8+ Kd2 53.
Qxb5 Qf4 54. Qb4+ Ke2 55. Qc3 Qxh4 56. Qc2+ Ke3 57. Qc3+ Ke2 58. Qc2+ 1/2-1/2

[Event "Camp. rumeno 2015"]
[Site "Calimanesti ROM"]
[Date "2015.04.20"]
[Round "3"]
[White "Gavrilescu, David"]
[Black "Ciobanu, Viorel Adrian"]
[Result "1-0"]
[WhiteElo "2284"]
[BlackElo "2204"]
[PlyCount "97"]
[EventDate "2015.04.18"]
[EventRounds "9"]

1. d4 Nf6 2. Bg5 d5 3. e3 e6 4. Nd2 Be7 5. Bd3 Nbd7 6. f4 b6 7. Ngf3 Bb7 8. O-O
O-O 9. Ne5 Ne4 10. Bxe7 Qxe7 11. c3 c5 12. Qc2 cxd4 13. exd4 f5 14. Nxd7 Qxd7
15. Nf3 Qc7 16. Ne5 a5 17. Bxe4 dxe4 18. a4 Rac8 19. Qf2 Ba6 20. Rfd1 Rfd8 21.
h3 b5 22. axb5 Bxb5 23. c4 Be8 24. d5 exd5 25. cxd5 Bh5 26. g4 fxg4 27. hxg4
Bf7 28. b4 Rxd5 29. Rxd5 Bxd5 30. Qd4 Bf7 31. bxa5 Rd8 32. Qb6 Qc8 33. a6 Rf8
34. a7 Bd5 35. Qd6 Ba8 36. Rb1 e3 37. Qxf8+ Kxf8 38. Rb8 Qe8 39. Nd7+ Ke7 40.
Rxe8+ Kxe8 41. Nb6 Bf3 42. Kf1 h5 43. gxh5 Kf7 44. a8=Q Bxa8 45. Nxa8 Kf6 46.
Ke2 Kf5 47. Kxe3 Kg4 48. Nc7 Kxh5 49. Ne6 1-0

[Event "Camp. rumeno 2015"]
[Site "Calimanesti ROM"]
[Date "2015.04.19"]
[Round "2"]
[White "Stanciu, Alexandru Ovidiu"]
[Black "Ciobanu, Viorel Adrian"]
[Result "1/2-1/2"]
[WhiteElo "2343"]
[BlackElo "2204"]
[PlyCount "153"]
[EventDate "2015.04.18"]
[EventRounds "9"]

1. e4 e5 2. Nf3 Nc6 3. Bc4 Nf6 4. d3 Bc5 5. Bb3 O-O 6. h3 d5 7. exd5 Nxd5 8.
O-O Nf4 9. Nc3 h6 10. Ne4 Bb6 11. Nxe5 Nxe5 12. Bxf4 Ng6 13. Be3 Re8 14. Qh5
Be6 15. Rae1 Bxb3 16. axb3 Re5 17. Qd1 Bxe3 18. Rxe3 Qd4 19. c3 Qb6 20. d4 Re7
21. Nc5 Rae8 22. Qf3 c6 23. Ra1 a6 24. b4 Qc7 25. Rae1 Kh7 26. g3 Rxe3 27. Rxe3
Rxe3 28. Qxe3 a5 29. bxa5 Qxa5 30. Nxb7 Qa1+ 31. Kh2 f5 32. b4 Qf1 33. f4 h5
34. h4 Ne7 35. c4 Ng8 36. Qg1 Qxc4 37. Na5 Qc3 38. Qg2 Qxd4 39. Nxc6 Qc4 40.
Ne5 Qxb4 41. Qc2 Qe4 42. Qxe4 fxe4 43. Kg2 Ne7 44. Nf7 Nd5 45. Ng5+ Kg6 46.
Nxe4 Kf5 47. Kf3 g6 48. Nf2 Nc3 49. Ke3 Nd5+ 50. Kf3 Nc3 51. Nd3 Ne4 52. Ne5
Nd2+ 53. Kf2 Ne4+ 54. Kg2 Nd2 55. Nc6 Kg4 56. Ne5+ Kf5 57. Nf3 Ne4 58. Ng5 Nd2
59. Nh3 Ne4 60. Nf2 Nd2 61. Nd1 Kf6 62. Ne3 Ke6 63. Nf1 Ne4 64. Kf3 Nc3 65. Ne3
Kf6 66. Nc2 Kf5 67. Nd4+ Kf6 68. Ke3 Nd1+ 69. Ke2 Nc3+ 70. Kd3 Nd1 71. Nc2 Nf2+
72. Ke3 Nd1+ 73. Ke2 Nc3+ 74. Kf3 Ke6 75. Nd4+ Kf6 76. f5 g5 77. g4 1/2-1/2

[Event "Camp. rumeno 2015"]
[Site "Calimanesti ROM"]
[Date "2015.04.18"]
[Round "1"]
[White "Ciobanu, Viorel Adrian"]
[Black "Doncea, Vladimir"]
[Result "0-1"]
[WhiteElo "2204"]
[BlackElo "2421"]
[PlyCount "59"]
[EventDate "2015.04.18"]
[EventRounds "9"]

1. e4 c5 2. Nf3 e6 3. d4 cxd4 4. Nxd4 Nc6 5. Nc3 Qc7 6. Be2 Nf6 7. O-O Nxd4 8.
Qxd4 Bc5 9. Qd3 O-O 10. Kh1 b6 11. f4 Bb7 12. e5 Nd5 13. Nb5 Qb8 14. Bd2 a6 15.
Nd6 Bxd6 16. exd6 b5 17. f5 Qxd6 18. f6 Qe5 19. Bf3 Rfc8 20. Rae1 Qc7 21. Be4
Nxf6 22. Bxb7 Qxb7 23. Rxf6 gxf6 24. Qg3+ Kh8 25. Bc3 Rxc3 26. Qxc3 e5 27. Kg1
Rg8 28. g3 Qb6+ 29. Re3 Rg4 30. Kf1 0-1

[Event "Campionatele Nationale echipe - Div A -"]
[Site "Calimanesti-Caciulata"]
[Date "2014.11.16"]
[Round "9.2"]
[White "Ciobanu, Viorel Adrian"]
[Black "Dobre, Claudiu Cristian"]
[Result "1/2-1/2"]
[WhiteElo "2185"]
[BlackElo "2342"]
[PlyCount "92"]
[EventDate "2014.11.08"]
[EventType "team"]
[EventRounds "9"]
[WhiteTeam "SAH-CLUB DIANA GALATI"]
[BlackTeam "CS PETROM FLACARA MORENI"]

1. e4 c6 2. d4 d5 3. Nc3 dxe4 4. Nxe4 Bf5 5. Ng3 Bg6 6. h4 h6 7. Nf3 Nd7 8. h5
Bh7 9. Bd3 Bxd3 10. Qxd3 e6 11. Bd2 Ngf6 12. O-O-O Qc7 13. Ne4 O-O-O 14. g3 Be7
15. c4 Nxe4 16. Qxe4 Rhe8 17. Bc3 Bf6 18. Rhe1 c5 19. Qc2 cxd4 20. Bxd4 Bxd4
21. Nxd4 Nf6 22. c5 a6 23. b4 Rd5 24. Nb3 Red8 25. Rxd5 Rxd5 26. Rd1 Qe5 27.
Rxd5 Qxd5 28. Kb2 Ne4 29. a4 Qf5 30. Ka3 Nxf2 31. Qc3 Qf6 32. Qd2 e5 33. c6
bxc6 34. Nc5 Qf5 35. Qd6 Qf3+ 36. Kb2 Qe2+ 37. Ka3 Qf3+ 38. Kb2 Qd5 39. Qf8+
Qd8 40. Qxf7 Qd4+ 41. Ka3 Qa1+ 42. Kb3 Qd1+ 43. Ka3 Qc1+ 44. Kb3 Qe3+ 45. Ka2
Qd2+ 46. Ka3 Qc1+ 1/2-1/2

[Event "Campionatele Nationale echipe - Div A -"]
[Site "Calimanesti-Caciulata"]
[Date "2014.11.15"]
[Round "8.2"]
[White "Titu, Maiorescu Dorin"]
[Black "Ciobanu, Viorel Adrian"]
[Result "1/2-1/2"]
[WhiteElo "2201"]
[BlackElo "2185"]
[PlyCount "108"]
[EventDate "2014.11.08"]
[EventType "team"]
[EventRounds "9"]
[WhiteTeam "CS CHINDIA TARGOVISTE"]
[BlackTeam "SAH-CLUB DIANA GALATI"]

1. Nf3 Nf6 2. d3 c5 3. e4 d6 4. g3 Nc6 5. Bg2 g6 6. O-O Bg7 7. Nbd2 O-O 8. Nc4
e5 9. Ne3 h6 10. Nh4 Be6 11. c3 d5 12. exd5 Nxd5 13. Nxd5 Bxd5 14. Be3 Bxg2 15.
Nxg2 Qd5 16. Qb3 Qxb3 17. axb3 b6 18. Rfd1 Rfd8 19. g4 Rd7 20. Kf1 Rad8 21. Ke2
Bf8 22. Ne1 Na5 23. Ra3 e4 24. Ra4 exd3+ 25. Rxd3 Nxb3 26. Rxa7 Nd4+ 27. Rxd4
cxd4 28. Rxd7 Rxd7 29. Bxd4 b5 30. Nf3 Bd6 31. h3 Rd8 32. Kd3 f5 33. gxf5 gxf5
34. Nh4 f4 35. Nf5 Bf8 36. Ke4 Kf7 37. Kxf4 Ra8 38. b4 Ra1 39. Ke4 Rh1 40. h4
h5 41. Be3 Bg7 42. Nd6+ Kg6 43. Nxb5 Rxh4+ 44. f4 Rh1 45. f5+ Kh7 46. Nd4 h4
47. c4 Re1 48. Nf3 Re2 49. Kd3 Rb2 50. Nxh4 Rb3+ 51. Ke2 Rxb4 52. Kd3 Rb3+ 53.
Ke2 Rb4 54. Kd3 Rb3+ 1/2-1/2

[Event "Campionatele Nationale echipe - Div A -"]
[Site "Calimanesti-Caciulata"]
[Date "2014.11.14"]
[Round "7.2"]
[White "Ciobanu, Viorel Adrian"]
[Black "Vasile, Claudiu Daniel"]
[Result "1/2-1/2"]
[WhiteElo "2185"]
[BlackElo "2230"]
[PlyCount "92"]
[EventDate "2014.11.08"]
[EventType "team"]
[EventRounds "9"]
[WhiteTeam "SAH-CLUB DIANA GALATI"]
[BlackTeam "CS OTOPENI"]

1. e4 e5 2. Nf3 Nc6 3. Bb5 a6 4. Ba4 Nf6 5. O-O Be7 6. Re1 b5 7. Bb3 d6 8. c3
O-O 9. h3 Na5 10. Bc2 c5 11. d4 Qc7 12. d5 Nc4 13. b3 Nb6 14. Nbd2 Bd7 15. Nh2
c4 16. b4 a5 17. Re3 Nbxd5 18. exd5 Nxd5 19. Rg3 axb4 20. cxb4 f5 21. Ne4 Nxb4
22. Bh6 Rf7 23. Rb1 Nxc2 24. Qd5 Kf8 25. Qxa8+ Qd8 26. Qxd8+ Bxd8 27. Nxd6 gxh6
28. Nxf7 Kxf7 29. Rc3 Nd4 30. Ra3 c3 31. Kf1 c2 32. Rc1 Bg5 33. Re3 Be6 34. Nf3
Nxf3 35. gxf3 Bxe3 36. fxe3 Bxa2 37. Rxc2 Bc4+ 38. Ke1 Kf6 39. f4 exf4 40. exf4
Kg6 41. Rd2 Kh5 42. Kf2 Kh4 43. Kg2 h5 44. Rd4 h6 45. Rd6 b4 46. Rd4 b3 1/2-1/2

[Event "Campionatele Nationale echipe - Div A -"]
[Site "Calimanesti-Caciulata"]
[Date "2014.11.13"]
[Round "6.2"]
[White "Oltean, Liviu Ioan"]
[Black "Ciobanu, Viorel Adrian"]
[Result "1-0"]
[WhiteElo "2344"]
[BlackElo "2185"]
[PlyCount "107"]
[EventDate "2014.11.08"]
[EventType "team"]
[EventRounds "9"]
[WhiteTeam "CSM CLUJ-NAPOCA"]
[BlackTeam "SAH-CLUB DIANA GALATI"]

1. d4 Nf6 2. c4 g6 3. Nc3 Bg7 4. e4 d6 5. Be3 O-O 6. f3 c5 7. dxc5 dxc5 8. Qxd8
Rxd8 9. Bxc5 Nc6 10. Rd1 Rxd1+ 11. Kxd1 b6 12. Be3 Bb7 13. Nh3 Nd7 14. Nf2 Rc8
15. Kc2 a6 16. Nd5 b5 17. Kb1 e6 18. cxb5 axb5 19. Nb6 Nxb6 20. Bxb6 Nd4 21.
Bd3 f5 22. Rc1 Rc6 23. Rxc6 Bxc6 24. f4 e5 25. Bxd4 exd4 26. exf5 gxf5 27. Bxf5
Bxg2 28. Be4 Bf1 29. Bd3 Bxd3+ 30. Nxd3 Kf7 31. b3 Ke6 32. a4 bxa4 33. bxa4 Kd5
34. Kc2 Bf8 35. Kb3 Bd6 36. a5 Bf8 37. a6 Kc6 38. Ne5+ Kc7 39. Nd7 Bd6 40. Ne5
Bf8 41. Kc4 Bh6 42. f5 Bf4 43. Nf3 Kb6 44. f6 Kxa6 45. f7 Bh6 46. Nxd4 Kb6 47.
Kd5 Kc7 48. Ne6+ Kd7 49. f8=Q Bxf8 50. Nxf8+ Ke7 51. Nxh7 Kf7 52. Ng5+ Kg6 53.
Nf3 Kf5 54. h4 1-0

[Event "Campionatele Nationale echipe - Div A -"]
[Site "Calimanesti-Caciulata"]
[Date "2014.11.12"]
[Round "5.2"]
[White "Ciobanu, Viorel Adrian"]
[Black "Thesing, Matthias"]
[Result "1/2-1/2"]
[WhiteElo "2185"]
[BlackElo "2310"]
[PlyCount "94"]
[EventDate "2014.11.08"]
[EventType "team"]
[EventRounds "9"]
[WhiteTeam "SAH-CLUB DIANA GALATI"]
[BlackTeam "CS MUNCITORUL RESITA"]

1. e4 c5 2. Nf3 e6 3. d4 cxd4 4. Nxd4 a6 5. Nc3 Qc7 6. Bd3 Nf6 7. O-O Bc5 8.
Nb3 Be7 9. f4 d6 10. e5 dxe5 11. fxe5 Nfd7 12. Qg4 g6 13. Bf4 Nxe5 14. Qg3 Nbc6
15. Be4 f6 16. Bxc6+ bxc6 17. Ne4 O-O 18. Rae1 Qa7+ 19. Be3 Qb8 20. Bc5 Bxc5+
21. Nbxc5 f5 22. Nf6+ Rxf6 23. Rxe5 Qxb2 24. h3 f4 25. Qg5 Kg7 26. Ne4 Rf7 27.
c3 Qb6+ 28. Kh2 h6 29. Qh4 Qc7 30. Rc5 e5 31. Rd1 Bf5 32. Nd6 Qe7 33. Qxe7 Rxe7
34. Nxf5+ gxf5 35. Rxc6 e4 36. Rdd6 e3 37. Rg6+ Kf8 38. Rcf6+ Rf7 39. Kg1 Rb8
40. Kf1 Rb1+ 41. Ke2 Rb2+ 42. Ke1 Rxa2 43. Rxa6 Rxa6 44. Rxa6 Kg7 45. Ra4 f3
46. gxf3 f4 47. c4 Kg6 1/2-1/2

[Event "Campionatele Nationale echipe - Div A -"]
[Site "Calimanesti-Caciulata"]
[Date "2014.11.11"]
[Round "4.2"]
[White "Bogdan , Dan"]
[Black "Ciobanu, Viorel Adrian"]
[Result "1-0"]
[WhiteElo "2382"]
[BlackElo "2185"]
[PlyCount "123"]
[EventDate "2014.11.08"]
[EventType "team"]
[EventRounds "9"]
[WhiteTeam "CS APOLLO SATU-MARE"]
[BlackTeam "SAH-CLUB DIANA GALATI"]

1. c4 Nf6 2. g3 g6 3. Bg2 Bg7 4. Nc3 O-O 5. Nf3 d6 6. O-O Nc6 7. d3 Nh5 8. Bd2
f5 9. Rb1 a5 10. a3 f4 11. b4 axb4 12. axb4 e5 13. b5 Ne7 14. Ne4 h6 15. e3
fxg3 16. fxg3 Be6 17. Ra1 Rxa1 18. Qxa1 Qd7 19. b6 c5 20. Nh4 Nf6 21. Bc3 g5
22. Nxf6+ Bxf6 23. Nf3 Nf5 24. Re1 g4 25. Nd2 Bg5 26. Nf1 h5 27. Bd2 h4 28. Qd1
Ng7 29. Bc3 h3 30. Bh1 Qf7 31. Qe2 Nh5 32. Nd2 Qd7 33. d4 Ng7 34. dxe5 dxe5 35.
Ne4 Be7 36. Bxe5 Qa4 37. Nf2 Bg5 38. Bf4 Bxf4 39. gxf4 Qb4 40. Bxb7 Qxb6 41.
Bd5 Bxd5 42. cxd5 Qb3 43. Qxg4 c4 44. Qd1 Qc3 45. Ne4 Qb2 46. Qe2 Qb6 47. Kh1
c3 48. Nxc3 Qb4 49. Qd3 Rc8 50. Rc1 Qb2 51. Qc2 Qb4 52. Qd2 Qb3 53. Kg1 Nf5 54.
Kf2 Qb7 55. Qd3 Qh7 56. Rg1+ Kh8 57. Rg5 Qh4+ 58. Kf3 Qe1 59. Qxf5 Qf1+ 60. Kg4
Qg2+ 61. Kh4 Qf2+ 62. Rg3 1-0

[Event "Campionatele Nationale echipe - Div A -"]
[Site "Calimanesti-Caciulata"]
[Date "2014.11.10"]
[Round "3.2"]
[White "Ciobanu, Viorel Adrian"]
[Black "Vajda , Albert (MI)"]
[Result "0-1"]
[WhiteElo "2185"]
[BlackElo "2442"]
[PlyCount "62"]
[EventDate "2014.11.08"]
[EventType "team"]
[EventRounds "9"]
[WhiteTeam "SAH-CLUB DIANA GALATI"]
[BlackTeam "ACS SAH-CLUB VADOS ARAD"]

1. e4 e5 2. Nf3 Nc6 3. Bb5 a6 4. Ba4 d6 5. c3 Nf6 6. d3 Be7 7. O-O O-O 8. Re1
Bd7 9. Nbd2 Qe8 10. Bc2 Bd8 11. d4 Bg4 12. h3 Bh5 13. Nf1 Bxf3 14. gxf3 Nh5 15.
f4 Nxf4 16. Bxf4 exf4 17. Qg4 Qe6 18. Qxf4 Qxh3 19. Ng3 Ne7 20. e5 dxe5 21.
dxe5 c6 22. Rad1 Ng6 23. Qe4 Bc7 24. Qg2 Qxg2+ 25. Kxg2 Nxe5 26. Nf5 Rfd8 27.
Rh1 Rxd1 28. Rxd1 Rd8 29. Rxd8+ Bxd8 30. Nd6 b5 31. Bb3 Bc7 0-1